| 000 | 00000nam 2200000za 4500 |
| 001 | 9.699942 |
| 003 | CaOODSP |
| 005 | 20210625000617 |
| 007 | cr ||||||||||| |
| 008 | 150407s1928 xxc|||||o f|0| 0 eng d |
| 040 | |aCaOODSP|beng |
| 043 | |an-cn--- |
| 086 | 1 |aCP32-123/1928E-PDF |
| 086 | 1 |aZ1-1927/2E-PDF |
| 245 | 00|aReport of Royal Commission appointed to investigate charges of political partisanship in the Department of Soldiers' Civil Re-establishment |h[electronic resource] / |cA.T. Hunter, chairman. |
| 260 | |a[Ottawa] : |bPrivy Council Office, |c1928. |
| 300 | |a30 p. : |borganization chart. |
| 500 | |aHistorical publication digitized in 2007 by Privy Council Office of Canada. |
| 590 | |a15-04-Supp|b2015-03-19 |
| 690 | 07|aPolitics|2gcpds |
| 690 | 07|aVeterans|2gcpds |
| 690 | 07|aCommissions of inquiry|2gcpds |
| 710 | 1 |aCanada. |bPrivy Council Office. |
| 775 | 08|tRapport de la Commission royale instituée pour faire enquête sur les accusations de partialité politique proférées contre le ministère du Rétablissement des soldats dans la vie civile |w(CaOODSP)9.643903 |
| 856 | 40|ahttp://publications.gc.ca|qPDF|s1.75 MB|uhttps://publications.gc.ca/collections/collection_2014/bcp-pco/CP32-123-1928-eng.pdf |